Il museo nazionale di Messina
Gorde:
| Egile nagusia: | |
|---|---|
| Formatua: | Liburua |
| Hizkuntza: | italiera |
| Argitaratua: |
Roma
La Libreria Dello Stato
1929
|
| Saila: | Le Guide Dei Musei Italiani
|
| Gaiak: | |
| Etiketak: |
Etiketa erantsi
Etiketarik gabe, Izan zaitez lehena erregistro honi etiketa jartzen!
|
MARC
| LEADER | 00000nam a2200000 a 4500 | ||
|---|---|---|---|
| 001 | UCZ7051 | ||
| 003 | CL-VaPUC | ||
| 008 | 951222e19290000IT |||||||||||||||||ita|d | ||
| 082 | 0 | 4 | |a 708.5 |b MAU |2 21 |
| 100 | |a Mauceri, Enrico |e autor |9 351775 | ||
| 245 | 1 | 3 | |a Il museo nazionale di Messina |
| 300 | |a 100 p | ||
| 942 | |c BK | ||
| 945 | |d 19951222 00:00:00 |a mcarcey | ||
| 260 | |a Roma |b La Libreria Dello Stato |c 1929 | ||
| 650 | 0 | |a Arte italiano |9 265547 | |
| 650 | 0 | |a Museos |9 269209 | |
| 650 | 7 | |a ESCULTURA ITALIANA |2 CL-VaPUC |9 329274 | |
| 583 | |a last modification |c 19951222 00:00:00 |k Rodrigo Vera | ||
| 490 | 0 | |a Le Guide Dei Musei Italiani | |
| 999 | |c 243181 |d 243179 | ||